<?xml version="1.0" encoding="UTF-8"?>
<record
    xmlns:xsi="http://www.w3.org/2001/XMLSchema-instance"
    xsi:schemaLocation="http://www.loc.gov/MARC21/slim http://www.loc.gov/standards/marcxml/schema/MARC21slim.xsd"
    xmlns="http://www.loc.gov/MARC21/slim">

  <leader>02797nam a2200289Ia 4500</leader>
  <controlfield tag="003">OSt</controlfield>
  <controlfield tag="005">20210903092922.0</controlfield>
  <controlfield tag="008">210310t2012    enkad  fr     000 0 eng d</controlfield>
  <datafield tag="020" ind1=" " ind2=" ">
    <subfield code="a">9781781007440</subfield>
  </datafield>
  <datafield tag="040" ind1=" " ind2=" ">
    <subfield code="a">CO-JMCR</subfield>
    <subfield code="c">CO-JMCR</subfield>
  </datafield>
  <datafield tag="041" ind1="0" ind2=" ">
    <subfield code="a">eng</subfield>
  </datafield>
  <datafield tag="082" ind1="0" ind2="4">
    <subfield code="a">339 /</subfield>
    <subfield code="b">S689w</subfield>
    <subfield code="2">23</subfield>
  </datafield>
  <datafield tag="100" ind1="1" ind2=" ">
    <subfield code="a">Solow, Robert M., </subfield>
    <subfield code="9">17337</subfield>
    <subfield code="e">editor</subfield>
  </datafield>
  <datafield tag="245" ind1="1" ind2="0">
    <subfield code="a">What&#xB4;s Right with macroeconomics? /  </subfield>
    <subfield code="c">Edited by Robert M. Solow, Jean-Philippe Touffut ; [Wendy Carlin, Jean-Bernard Chatelain, Giancarlo Corsetti [y otros 6]]</subfield>
  </datafield>
  <datafield tag="260" ind1=" " ind2=" ">
    <subfield code="a">Cheltenham : </subfield>
    <subfield code="b">Edward Elgar, </subfield>
    <subfield code="c">&#xA9;2012</subfield>
  </datafield>
  <datafield tag="300" ind1=" " ind2=" ">
    <subfield code="a">xvi, 240 p&#xE1;ginas : </subfield>
    <subfield code="b">ilustraciones y gr&#xE1;ficas a blanco y negro ; </subfield>
    <subfield code="c">23 cm.</subfield>
  </datafield>
  <datafield tag="490" ind1="0" ind2=" ">
    <subfield code="a">The Cournot Centre series</subfield>
  </datafield>
  <datafield tag="504" ind1=" " ind2=" ">
    <subfield code="a">Bibliograf&#xED;a al final de cada cap&#xED;tulo.</subfield>
  </datafield>
  <datafield tag="505" ind1="0" ind2=" ">
    <subfield code="t">The fireman and the architect / </subfield>
    <subfield code="r">Xavier Timbeau</subfield>
    <subfield code="t">Model comparison and robustness a proposal for policy crisis analysis after the financial  / </subfield>
    <subfield code="r">Volker Wieland </subfield>
    <subfield code="t">The 'hoc' of international macroeconomics after the crisis / </subfield>
    <subfield code="r">Giancarlo Corsetti </subfield>
    <subfield code="t">Try again, macroeconomists / </subfield>
    <subfield code="r">Jean-Bernard Chatelain</subfield>
    <subfield code="t">Economic policies with endogenous innovation and Keynesian demand management / </subfield>
    <subfield code="r">Giovanni Dosi, Giorgio Fagiolo, Mauro Napoletano and Andrea Roventini</subfield>
    <subfield code="t">Booms and busts, New Keynesian and behavioural explanations / </subfield>
    <subfield code="r">Paul De Grauwe</subfield>
    <subfield code="t">The economics of the laboratory mouse: where do we go from here? / </subfield>
    <subfield code="r">Xavier Ragot</subfield>
    <subfield code="t">Round table discussion where is macro going?  / </subfield>
    <subfield code="r">Wendy Carlin, Robert J Gordon and Robert M Solow

</subfield>
  </datafield>
  <datafield tag="520" ind1="3" ind2=" ">
    <subfield code="a">Global crises are very rare events. After the Great Depression and the Great Stagflation, new macroeconomic paradigms associated with a new policy regime emerged. This book addresses how some macroeconomic ideas have failed and examines which theories researchers should preserve and develop. It questions how the field of economics - still reeling from the global financial crisis initiated in the summer of 2007 - will respond.
The contributors, nine highly-renowned macroeconomists, highlight the virtues of eclectic macroeconomics over an authoritarian normative approach. They illustrate that macroeconomic reasoning can still be a useful tool for carrying out practical policy analysis. As for emerging research programmes, their wide-ranging chapters remind us that there are positive approaches to and reasons to believe in old-fashioned macroeconomics.
This challenging and thought-provoking book will prove a stimulating read for researchers, academics and students of economics, as well as for professional economists.</subfield>
  </datafield>
  <datafield tag="650" ind1="1" ind2="4">
    <subfield code="a">Macroeconom&#xED;a</subfield>
    <subfield code="9">17339</subfield>
  </datafield>
  <datafield tag="700" ind1="1" ind2=" ">
    <subfield code="a">Touffut, Jean-Philippe, </subfield>
    <subfield code="e">editor</subfield>
    <subfield code="9">39950</subfield>
  </datafield>
  <datafield tag="700" ind1="1" ind2=" ">
    <subfield code="a">Carlin, Wendy, </subfield>
    <subfield code="e">autora</subfield>
    <subfield code="9">39951</subfield>
  </datafield>
  <datafield tag="700" ind1="1" ind2=" ">
    <subfield code="a">Chatelain, Jean-Bernard, </subfield>
    <subfield code="e">autor</subfield>
    <subfield code="9">39952</subfield>
  </datafield>
  <datafield tag="700" ind1="1" ind2=" ">
    <subfield code="a">Corsetti, Giancarlo, </subfield>
    <subfield code="e">autor</subfield>
    <subfield code="9">39953</subfield>
  </datafield>
  <datafield tag="942" ind1=" " ind2=" ">
    <subfield code="2">ddc</subfield>
    <subfield code="c">BK</subfield>
  </datafield>
  <datafield tag="999" ind1=" " ind2=" ">
    <subfield code="c">8460</subfield>
    <subfield code="d">8460</subfield>
  </datafield>
  <datafield tag="952" ind1=" " ind2=" ">
    <subfield code="0">0</subfield>
    <subfield code="1">0</subfield>
    <subfield code="2">ddc</subfield>
    <subfield code="4">0</subfield>
    <subfield code="7">0</subfield>
    <subfield code="8">NFIC</subfield>
    <subfield code="a">CPL</subfield>
    <subfield code="b">CPL</subfield>
    <subfield code="d">2018-04-15</subfield>
    <subfield code="e">Donaci&#xF3;n</subfield>
    <subfield code="o">339 / S689w</subfield>
    <subfield code="p">430000339</subfield>
    <subfield code="r">2024-05-16 00:00:00</subfield>
    <subfield code="t">Ej.1</subfield>
    <subfield code="y">BK</subfield>
  </datafield>
</record>
